000
00269nam a2200121 a 4500
005
20140414093839.0
008
050820s19uu xx 00 eng d
050
_a
CD 780
_b
OR #35
245
_a
Disco hits 2002.
260
_c
c199_.
942
_c
AVM
999
_c
109204
_d
109204